| Registos Bibliográficos associados ao registo de autoridade |
|
Etiqueta de registo: 00254nam 2200025 450 001 2289473 003 http://id.bnportugal.gov.pt/bib/catbnp/2289473 100 ## $a20260702d2025 k y0pory01030103ba 101 0# $apor$deng 102 ## $aPT 105 ## $aa m 000yy 106 ## $ar 200 1# $aPercepções de professores indígenas egressos das universidades públicas do Amapá sobre
investigação das cuilturas indígenas mas suas práticas docentes$fIranir Andrade dos Santos$gorient. Armando Paulo Ferreira Loureiro, Carlos Alberto Alves Soares Ferreira 210 #9 $aVila Real$c[s.n.],$d2025 215 ## $aXVI, 249 p.$cil.$d30 cm 328 #1 $aTese doutoramento Ciências da Educação, Universidade de Trás-os-Montes e Alto Douro,
2025 700 #1 $aSantos,$bIranir Andrade dos$32002491 702 #1 $aLoureiro,$bArmando Paulo Ferreira,$f1967-$4727$3973546 702 #1 $aFerreira,$bCarlos Alberto Alves Soares$4727$31304371 801 #0 $aPT$bBN$gRPC 966 ## $lBN$mFGMON$x1 971 ## $cjbeatriz$d20260702
|
|
|